|
|
|
|
| LEADER |
00000cam a2200000 a 4500 |
| 001 |
vtls001218838 |
| 003 |
SK-MaSNL |
| 005 |
20260301234038.0 |
| 008 |
240318s1996 xo a f 000 0 slo |
| 015 |
|
|
|a SNBA1996/0902600
|
| 020 |
|
|
|a 8071590665
|q (brož.)
|
| 035 |
|
|
|a SNK000162659
|
| 035 |
|
|
|a urn:nbn:sk:snk-amkpj5
|
| 035 |
|
|
|a urn:nbn:sk:snk-am005f0b
|
| 035 |
|
|
|a 6EA046DD-681D-44D5-9E9F-68E49B605F2B
|
| 040 |
|
|
|a SNK
|b slo
|c SNK
|e AACR2
|
| 041 |
0 |
|
|a slo
|
| 044 |
|
|
|a xo
|c SK
|
| 080 |
|
|
|a 641.563:616-006
|2 1981
|
| 080 |
|
|
|a 616-006
|2 1981
|
| 100 |
1 |
|
|a Valovičová, Eva,
|d 1937-
|4 aut
|9 7992
|
| 245 |
1 |
0 |
|a Výživa pacientov s nádorovým ochorením
|c Eva Valovičová, Beata Špániková, Marta Lederleitnerová
|
| 260 |
|
|
|a Bratislava
|b Ústav zdravotnej výchovy
|c 1996
|
| 300 |
|
|
|a 60 s.
|b Ilustr.
|c 21 cm
|
| 500 |
|
|
|a Nepredajné
|
| 650 |
0 |
7 |
|a nádorové ochorenia
|2 SNKPH
|9 2539
|
| 655 |
|
7 |
|a monografie
|2 SNKPH
|9 70139
|
| 700 |
1 |
|
|a Špániková, Beata
|4 aut
|9 12582
|
| 700 |
1 |
|
|a Lederleitnerová, Marta
|4 aut
|9 45276
|
| 919 |
|
|
|a 80-7159-066-5
|
| 958 |
|
|
|a TL
|
| 958 |
|
|
|a MI
|
| 999 |
|
|
|c 968718
|d 970648
|
| 952 |
|
|
|t P60, <09>, [BOOK], {629}
|a SNK
|b SNK
|y NEVYP
|7 0
|o snkC 1231
|i snk2300/960718
|0 0
|1 0
|4 0
|d 1996-07-17
|l 0
|r 2005-01-01 00:00:00
|w 2026-02-24
|
| 952 |
|
|
|t P60, <03>, [BOOK], {603}
|a SNK
|b SNK
|y PREZ
|7 0
|p 17A0006306
|o snkSD 67932
|i snkKSP 5659/96
|0 0
|1 0
|4 0
|d 1996-07-17
|l 0
|r 2005-01-01 00:00:00
|w 2026-02-24
|
| 952 |
|
|
|a SNK
|b SNK
|y VYP
|7 0
|p 17A0006305
|o snkSD 67932 D1
|i snkKSP 5660/96
|0 0
|1 0
|4 0
|d 1996-07-17
|f 1
|l 0
|r 2005-01-01 00:00:00
|w 2026-02-24
|